Estaciones de esquí del Pirineo - Estadísticas

Estadísticas generales
  • Esta prueba ha sido intentada 24 veces
  • La puntuación promedio es 19 de 48
Estadísticas de respuestas
Región Estación % Correcto
Pirineo Catalán Baqueira Beret
84%
Pirineo Aragonés Cerler
79%
Pirineo Aragonés Formigal
79%
Pirineo Catalán La Molina
79%
Pirineo Aragonés Astún
74%
Pirineo Aragonés Candanchú
74%
Andorra Ordino Alcalís
63%
Pirineo Aragonés Panticosa
63%
Andorra Grandvalira
58%
Pirineo Catalán Masella
58%
Pirineo Catalán Vall de Nuria
58%
Andorra Pal Arinsal
53%
Pirineo Catalán Boí Taüll
47%
Pirineo Catalán Espot
47%
Neiges Catalanes Font-Romeu Pyrénées 2000
47%
Hautes Pyrénées Hautacam
47%
Pirineo Catalán Vallter
47%
Hautes Pyrénées Gavarnie-Gèdre
42%
Pirineo Catalán Port Aine
42%
Hautes Pyrénées Grand Tourmalet
37%
Haute Garonne Luchon-Superbagnères
37%
Hautes Pyrénées Cauterets Cirque du Lys
32%
Hautes Pyrénées Cauterets Pont d´Espagne
32%
Pyrénées Atlantiques La Pierre Saint-Martin
32%
Hautes Pyrénées Luz Ardiden
32%
Hautes Pyrénées Peyragudes
32%
Hautes Pyrénées Piau-Engaly
32%
Pirineo Catalán Port del Comte
32%
Neiges Catalanes Porté-Puymorens
32%
Hautes Pyrénées Saint-Lary
32%
Pirineo Catalán Tavascán
32%
Hautes Pyrénées Val Louron
32%
Neiges Catalanes Cambre d´Aze
26%
Neiges Catalanes Formiguères
26%
Pyrénées Atlantiques Gourette
26%
Ariège Pyrénées Guzet
26%
Neiges Catalanes La Quillane
26%
Neiges Catalanes Les Angles
26%
Ariège Pyrénées Les Monts d´Olmes
26%
Ariège Pyrénées Ax 3 Domaines
21%
Haute Garonne Le Mourtis
21%
Pyrénées Atlantiques Artouste
16%
Ariège Pyrénées Ascou-Pailhères
16%
Haute Garonne Bourg d´Oueil
16%
Aude Camurac
16%
Andorra Ski Canaro
16%
Ariège Pyrénées Goulier Neige
11%
Ariège Pyrénées Mijanès-Donezan
11%
No se encontraron pruebas coincidentes
Distribución de puntuación
Porcentaje de gente con cada puntuación
Porcentaje por número respondido
Historial de tus puntuaciones
No has intentado esta prueba.